Monitoring Subsidiarity in the EU Multilevel Parliamentary System

Hlavné črty monitorovania subsidiarity a vývoj tejto praxe. Dvojúrovňová štruktúra vo vznikajúcom viacúrovňovom parlamentnom systéme, ktorý je nadnárodnou úrovňou stelesňovanou Európskym parlamentom a národnou úrovňou zastúpenou 28 národnými parlamentmi. Trend smerujúci k rozšíreniu viacúrovňovej pa...

Description complète

Enregistré dans:
Détails bibliographiques
Auteur principal: Soós, Edit
Format: Chapitre de livre
Langue:anglais
Sujets:
Tags: Ajouter un tag
Pas de tags, Soyez le premier à ajouter un tag!

MARC

LEADER 00000naa a2200000 4500
001 0258454
005 20190924094513.8
041 0 |a eng 
044 |a SK 
245 1 0 |a Monitoring Subsidiarity in the EU Multilevel Parliamentary System  |c Edit Soós 
520 |a Hlavné črty monitorovania subsidiarity a vývoj tejto praxe. Dvojúrovňová štruktúra vo vznikajúcom viacúrovňovom parlamentnom systéme, ktorý je nadnárodnou úrovňou stelesňovanou Európskym parlamentom a národnou úrovňou zastúpenou 28 národnými parlamentmi. Trend smerujúci k rozšíreniu viacúrovňovej parlamentnej oblasti EÚ o začlenenie regionálnych parlamentov EÚ federálnych a regionalizovaných štátov a miestnych a regionálnych orgánov unitárnych štátov. 
610 2 0 |a subsidiarita 
610 2 0 |a Európska únia 
610 2 0 |a Európsky parlament 
610 2 0 |a parlamenty 
610 2 0 |a legislatíva 
610 2 0 |a regióny 
100 1 |a Soós, Edit